<?xml version="1.0" encoding="UTF-8"?>
<collection xmlns="http://www.loc.gov/MARC21/slim">
<record>
  <controlfield tag="001">169486</controlfield>
  <controlfield tag="005">20260302165029.0</controlfield>
  <datafield tag="024" ind1="7" ind2=" ">
    <subfield code="2">doi</subfield>
    <subfield code="a">10.4995/ANIAV.2017.5165</subfield>
  </datafield>
  <datafield tag="024" ind1="8" ind2=" ">
    <subfield code="2">sideral</subfield>
    <subfield code="a">141409</subfield>
  </datafield>
  <datafield tag="037" ind1=" " ind2=" ">
    <subfield code="a">ART-2017-141409</subfield>
  </datafield>
  <datafield tag="041" ind1=" " ind2=" ">
    <subfield code="a">spa</subfield>
  </datafield>
  <datafield tag="100" ind1=" " ind2=" ">
    <subfield code="a">Lozano-Sanfèlix, Neus</subfield>
    <subfield code="0">(orcid)0000-0002-3618-5778</subfield>
  </datafield>
  <datafield tag="245" ind1=" " ind2=" ">
    <subfield code="a">Saberes y aprendizajes en la construcción de la identidad y la subjetividad de una artista en la Universitat (Politècnica de València).</subfield>
  </datafield>
  <datafield tag="260" ind1=" " ind2=" ">
    <subfield code="c">2017</subfield>
  </datafield>
  <datafield tag="520" ind1="3" ind2=" ">
    <subfield code="a">¿Hasta que punto la universidad como dispositivo y situación ha construido nuestra identidad como artistas? Esta es la pregunta de la que parte la experiencia que presentamos a continuación, una práctica artística que atraviesa la idea de cartografía para construir un relato alternativo al discurso dominante sobre la universidad. Y que se fundamenta a su vez, a partir de otros saberes, considerados como subalternos por la propia institución. El relato se construye a partir de relacionar documentos de diversa índole (anécdotas, imágenes, conversaciones, canciones, noticias de prensa, etc.), encadenando los acontecimientos y dando lugar a otros significados, con el fin de desvelar los “otros” aprendizajes, aquellos que no figuran de manera oficial en el currículum y que son normalizados de manera sutil. De esta manera, se desprende de este recorrido, la necesidad de cuestionar nuestra propia formación como estrategia y detonante para repensar nuestros marcos referenciales y evidenciar la ideología implícita en las dinámicas y estructuras de la Universidad.

What knowledge? and what learning?: higher education as a space for the production and the transmission of knowledge —as well as regarding artistic practice. To what extent has higher education —as a device and situation— built our identity as artists? This is the question from which stems the experience we present below, an artistic practice that goes through the idea of cartography to build an alternative narrative to the prevalent discourse about university, and founded upon other kind of knowledge, which is considered as subordinate by the institution itself. This narrative is constructed by connecting documents of diverse kinds (anecdotes, publications, conversations, songs, press news, etc.) and generating a narrative thread that unveils their “other” meaning, which becomes a learning missing from the official curriculum.</subfield>
  </datafield>
  <datafield tag="506" ind1="0" ind2=" ">
    <subfield code="a">Access copy available to the general public</subfield>
    <subfield code="f">Unrestricted</subfield>
  </datafield>
  <datafield tag="540" ind1=" " ind2=" ">
    <subfield code="9">info:eu-repo/semantics/openAccess</subfield>
    <subfield code="a">by-nc-nd</subfield>
    <subfield code="u">https://creativecommons.org/licenses/by-nc-nd/4.0/deed.es</subfield>
  </datafield>
  <datafield tag="655" ind1=" " ind2="4">
    <subfield code="a">info:eu-repo/semantics/conferenceObject</subfield>
    <subfield code="v">info:eu-repo/semantics/publishedVersion</subfield>
  </datafield>
  <datafield tag="773" ind1=" " ind2=" ">
    <subfield code="g">2017 (2017)</subfield>
    <subfield code="p">Congr. int. investig. artes vis.</subfield>
    <subfield code="t">Congreso Internacional de Investigacion en Artes Visuales</subfield>
    <subfield code="x">2603-5855</subfield>
  </datafield>
  <datafield tag="856" ind1="4" ind2=" ">
    <subfield code="s">5589572</subfield>
    <subfield code="u">http://zaguan.unizar.es/record/169486/files/texto_completo.pdf</subfield>
    <subfield code="y">Versión publicada</subfield>
  </datafield>
  <datafield tag="856" ind1="4" ind2=" ">
    <subfield code="s">1889475</subfield>
    <subfield code="u">http://zaguan.unizar.es/record/169486/files/texto_completo.jpg?subformat=icon</subfield>
    <subfield code="x">icon</subfield>
    <subfield code="y">Versión publicada</subfield>
  </datafield>
  <datafield tag="909" ind1="C" ind2="O">
    <subfield code="o">oai:zaguan.unizar.es:169486</subfield>
    <subfield code="p">articulos</subfield>
    <subfield code="p">driver</subfield>
  </datafield>
  <datafield tag="951" ind1=" " ind2=" ">
    <subfield code="a">2026-03-02-14:47:37</subfield>
  </datafield>
  <datafield tag="980" ind1=" " ind2=" ">
    <subfield code="a">ARTICLE</subfield>
  </datafield>
</record>
</collection>